[Event "Los Angeles Reader Memorial"]
[Site "Los Angeles"]
[Date "2011.05.13"]
[Round "5"]
[White "Yankovsky, Roman"]
[Black "Casella, Michael"]
[Result "1-0"]
[WhiteElo "2363"]
[BlackElo "2259"]
[PlyCount "77"]
[EventDate "2011.05.11"]
[EventType "tourn"]
[EventRounds "9"]
[EventCountry "USA"]
[SourceTitle "CBM 142 Extra"]
[Source "ChessBase"]
[SourceDate "2011.06.27"]
[SourceVersion "1"]
[SourceVersionDate "2011.06.27"]
[SourceQuality "1"]

1. e4 c6 2. c4 d5 3. cxd5 cxd5 4. exd5 Nf6 5. Qa4+ Nbd7 6. Nc3 g6 7. Nf3 Bg7 8. Bc4 a6 9. d3 0-0 10. Qa3 b6 11. 0-0 Bb7 12. Re1 Re8 13. Ng5 Rc8 14. d6 e6 15. Nge4 Ne5 16. Bg5 Ned7 17. Qb4 b5 18. Bb3 h6 19. Nxf6+ Nxf6 20. Bh4 Qd7 21. Rad1 Qc6 22. Ne4 Nd7 23. Be7 a5 24. Qxa5 Nc5 25. f3 Bd4+ 26. Kh1 Nxb3 27. axb3 f5 28. Qb4 Qd5 29. Nf6+ Bxf6 30. Bxf6 Rc2 31. Qd4 Qxd4 32. Bxd4 Bc6 33. Ra1 e5 34. Bxe5 Rd8 35. Ra7 Rd7 36. Rc7 Kf7 37. Bc3 Rxc7 38. dxc7 Bb7 39. b4 1-0

[Event "Los Angeles Reader Memorial"]
[Site "Los Angeles"]
[Date "2011.05.11"]
[Round "1"]
[White "Casella, Michael"]
[Black "Atoufi, Pedram"]
[Result "1-0"]
[WhiteElo "2259"]
[BlackElo "2281"]
[PlyCount "69"]
[EventDate "2011.05.11"]
[EventType "tourn"]
[EventRounds "9"]
[EventCountry "USA"]
[SourceTitle "CBM 142 Extra"]
[Source "ChessBase"]
[SourceDate "2011.06.27"]
[SourceVersion "1"]
[SourceVersionDate "2011.06.27"]
[SourceQuality "1"]

1. c4 g6 2. g3 Bg7 3. Bg2 Nf6 4. Nc3 0-0 5. e4 d6 6. Nge2 c6 7. 0-0 Be6 8. d3 Qc8 9. Bg5 h6 10. Be3 Bh3 11. f3 Bxg2 12. Kxg2 Na6 13. Qd2 Kh7 14. f4 Ng4 15. f5 Nxe3+ 16. Qxe3 Qd7 17. Rf3 b5 18. cxb5 cxb5 19. Raf1 Nc5 20. b4 Na4 21. Nd5 Nb6 22. fxg6+ fxg6 23. Rxf8 Nxd5 24. exd5 Rxf8 25. Rxf8 Bxf8 26. Nd4 Bg7 27. Nc6 Bf6 28. Qxa7 Qf5 29. Nxe7 Qxd3 30. Nf5+ Kg8 31. Qb8+ Kf7 32. Qc7+ Kg8 33. Qc8+ Kh7 34. Qd7+ Kg8 35. Qe8+ 1-0

[Event "Los Angeles Metropolitan 4th"]
[Site "Los Angeles"]
[Date "2011.04.10"]
[Round "9"]
[White "Casella, Michael"]
[Black "Steinfl, Alessandro"]
[Result "1-0"]
[WhiteElo "2249"]
[BlackElo "2212"]
[PlyCount "73"]
[EventDate "2011.04.06"]
[EventType "tourn"]
[EventRounds "9"]
[EventCountry "USA"]
[EventCategory "2"]
[SourceTitle "CBM 141 Extra"]
[Source "ChessBase"]
[SourceDate "2011.05.03"]
[SourceVersion "1"]
[SourceVersionDate "2011.05.03"]
[SourceQuality "1"]

1. c4 f5 2. g3 Nf6 3. Bg2 g6 4. Nc3 Bg7 5. d3 0-0 6. e4 d6 7. Nge2 Nc6 8. 0-0 e5 9. Nd5 Be6 10. Bg5 Qd7 11. Qd2 Nd8 12. Rac1 c5 13. b4 Bxd5 14. cxd5 b6 15. f4 h6 16. Bxf6 Rxf6 17. bxc5 bxc5 18. fxe5 dxe5 19. Rxc5 Nb7 20. Rcc1 Nd6 21. Rc6 Raf8 22. Qc3 fxe4 23. Rxf6 Rxf6 24. dxe4 Qg4 25. Qe3 h5 26. h3 Qd7 27. Kh2 h4 28. gxh4 Qf7 29. Ng1 Qe7 30. Nf3 Rf4 31. Qc5 Bf8 32. Ng5 Rxh4 33. Ne6 Nxe4 34. Qc2 Qa3 35. Qb3 Kh7 36. Qxa3 Bxa3 37. Bxe4 1-0